Pacientes con SIDA : (Record no. 88997)

MARC details
000 -CABECERA
campo de control de longitud fija 00769nam a2200253 a 4500
005 - FECHA Y HORA DE LA ÚLTIMA TRANSACCIÓN
campo de control 20241012063907.0
008 - ELEMENTOS DE LONGITUD FIJA--INFORMACIÓN GENERAL
campo de control de longitud fija 020213s1994 mx r 000 0 spa d
020 ## - NÚMERO INTERNACIONAL NORMALIZADO PARA LIBROS
Número Internacional Estándar del Libro 968426674X
035 ## - NÚMERO DE CONTROL DEL SISTEMA
Número de control de sistema UPN01000116245
049 ## - COLECCIÓN
Colección CG
050 #4 - SIGNATURA TOPOGRÁFICA DE LA BIBLIOTECA DEL CONGRESO
Número de clasificación RC607 A26
Número de documento/Ítem D8.68 1994
100 1# - ASIENTO PRINCIPAL--NOMBRE PERSONAL
Nombre de persona Durham, Jerry D.
245 10 - MENCIÓN DE TÍTULO
Título Pacientes con SIDA :
Resto del título cuidados de enfermería /
Mención de responsabilidad, etc. Jerry D. Durham, Felissa L. Cahen ; tr. José Pérez Gómez.
250 ## - MENCIÓN DE EDICIÓN
Mención de edición 2a ed.
260 ## - PUBLICACIÓN, DISTRIBUCIÓN, ETC.
Lugar de publicación, distribución, etc. México :
Nombre del editor, distribuidor, etc. Manual Moderno,
Fecha de publicación, distribución, etc. 1994.
300 ## - DESCRIPCIÓN FÍSICA
Extensión 566 p.
534 ## - NOTA SOBRE LA VERSIÓN ORIGINAL
Frase introductoria Título original:
Mención de título del original The person with AIDS nursing perspectives
650 #4 - ASIENTO SECUNDARIO DE MATERIA - TERMINO TEMATICO
Término de materia o nombre geográfico como elemento de entrada SIDA
9 (RLIN) 12139
650 #4 - ASIENTO SECUNDARIO DE MATERIA - TERMINO TEMATICO
Término de materia o nombre geográfico como elemento de entrada VIH
9 (RLIN) 12140
650 #4 - ASIENTO SECUNDARIO DE MATERIA - TERMINO TEMATICO
Término de materia o nombre geográfico como elemento de entrada Juegos educativos
9 (RLIN) 3952
700 1# - ASIENTO SECUNDARIO--NOMBRE DE PERSONAL
Nombre de persona Cohen, Felissa L.
Término indicativo de función/relación coaut.
905 ## - TIPO DE MATERIAL
Tipo de material Libro
Holdings
Estado de retiro Estado de pérdida Fuente del sistema de clasificación o colocación Estado dañado No para préstamo Código de colección Localización permanente Ubicación/localización actual Ubicación en estantería Total de préstamos Clasificación Código de barras Fecha visto por última vez Número de copia Tipo de ítem Koha
    Library of Congress Classification     Colección General Bib. Gregorio Torres Quintero Bib. Gregorio Torres Quintero Planta baja 5 RC607 A26 D8.68 1994 169437 31/12/2020 1 Libro
    Library of Congress Classification     Colección General Bib. Gregorio Torres Quintero Bib. Gregorio Torres Quintero Planta baja 11 RC607 A26 D8.68 1994 169440 31/12/2020 1 Libro
    Library of Congress Classification     Colección General Bib. Gregorio Torres Quintero Bib. Gregorio Torres Quintero Planta baja 6 RC607 A26 D8.68 1994 169439 31/12/2020 1 Libro
    Library of Congress Classification     Colección General Bib. Gregorio Torres Quintero Bib. Gregorio Torres Quintero Planta baja 6 RC607 A26 D8.68 1994 169438 31/12/2020 1 Libro